000 00672nam a2200229Ia 4500
003 OSt
005 20220928135337.0
006 a|||||r|||| 00| 0
007 ta
008 220927b |||||||| |||| 00| 0 eng d
024 _a1334
037 _cTextual
040 _aSDCL
_cSDCL
_beng
041 _2eng
_aeng
082 _aX:3270j 9914, M2
100 _aFreeman Christopher
_9489879
245 0 _aUnemployment and technical innovation
_b A study of long waves and economic development
260 _c1982
700 _a Clark John
_9447263
942 _hX:3270j 9914, M2
_cTEXL
_2CC
999 _c805188
_d805188